[Event "VII Famalicao Open 2019"]
[Site "Famalicao"]
[Date "2019.07.28"]
[Round "1.1"]
[White "Rabello, David Sousa"]
[Black "Grigoryan, Karen H."]
[Result "0-1"]
[WhiteElo "1828"]
[BlackElo "2549"]
[Annotator "RC"]
[PlyCount "44"]
[EventDate "2019.07.28"]
[EventType "swiss"]
[EventCountry "POR"]
[SourceTitle "playchess.com"]
[Source "ChessBase"]
[SourceQuality "1"]
[TimeControl "5400+30"]

1. e4 {[%emt 0:02:02]} c5 {[%emt 0:00:00]} 2. Nf3 {[%emt 0:02:34]} e6 {[%emt 0:00:15]} 3. d4 {[%emt 0:02:56]} cxd4 {[%emt 0:00:18]} 4. Nxd4 {[%emt 0:01:48]} Nc6 {[%emt 0:00:38]} 5. Nc3 {[%emt 0:02:44]} Qc7 {[%emt 0:00:22]} 6. Be3 {[%emt 0:03:10]} Nf6 {[%emt 0:01:26]} 7. Be2 {[%emt 0:02:43]} a6 {[%emt 0:00:39]} 8. Qd2 {[%emt 0:02:57]} Bb4 {[%emt 0:00:35]} 9. a3 {[%emt 0:01:30]} Nxe4 {[%emt 0:00:24]} 10. Qd3 {[%emt 0:02:53]} Bxc3+ {[%emt 0:00:28]} 11. bxc3 {[%emt 0:00:24]} Ne5 {[%emt 0:00:08]} 12. Qxe4 {[%emt 0:01:14]} Qxc3+ {[%emt 0:00:07]} 13. Bd2 Qxa1+ {[%emt 0:00:12]} 14. Bd1 {[%emt 0:06:48]} Nc4 {[%emt 0:01:13]} 15. Qd3 {[%emt 0:03:29]} Nb2 {[%emt 0:00:16]} 16. Qf3 {[%emt 0:03:02]} Nxd1 {[%emt 0:01:04]} 17. Qxd1 {[%emt 0:01:59]} Qxd4 {[%emt 0:00:09]} 18. O-O d6 {[%emt 0:00:41]} 19. Qe2 {[%emt 0:05:49]} Bd7 {[%emt 0:00:25]} 20. Be3 {[%emt 0:01:24]} Qe5 {[%emt 0:00:18]} 21. Rb1 {[%emt 0:02:46]} Bc6 {[%emt 0:00:10]} 22. Qd3 {[%emt 0:00:58]} h5 {[%emt 0:00:15]} 0-1

[Event "VII Famalicao Open 2019"]
[Site "Famalicao"]
[Date "2019.07.28"]
[Round "1.2"]
[White "Martinez Duany, Lelys Stanley"]
[Black "Correia, Joao Pedro De Sousa"]
[Result "1-0"]
[WhiteElo "2535"]
[BlackElo "1848"]
[Annotator "TA"]
[PlyCount "61"]
[EventDate "2019.07.28"]
[EventType "swiss"]
[EventCountry "POR"]
[SourceTitle "playchess.com"]
[Source "ChessBase"]
[SourceQuality "1"]

{[%evp 11,61,44,50,55,55,56,55,45,47,52,123,128,155,156,133,91,152,138,161,154,171,170,387,383,370,358,403,354,362,352,536,541,512,453,501,501,577,576,570,570,910,907,958,927,905,883,1061,1050,1043,1022,1033,1002]} 1. e4 d5 2. exd5 Nf6 3. Nf3 Nxd5 4. d4 Bf5 5. Be2 e6 6. O-O Bd6 7. c4 {B01: Scandinavian Defence} (7. Re1 O-O 8. a3 Nd7 9. c4 Nf4 10. Bf1 c5 11. Nc3 a6 12. Ne4 Bxe4 13. Rxe4 Ng6 14. dxc5 Bxc5 {1-0 (39) Hansen,S (2555)-Peek,M (2383) Netherlands 2006}) 7... Nf4 8. Bxf4 Bxf4 9. Bd3 $146 {Threatens to win with Bxf5.White is slightly better.} ({Predecessor:} 9. Qb3 Nd7 10. Qxb7 Rb8 11. Qxa7 Rxb2 12. Nc3 O-O 13. Rfe1 Rc2 14. Nd1 g5 {0-1 (26) Touboulic,J (2244)-Bergez,L (2398) Paris 2006}) 9... Bxd3 10. Qxd3 O-O (10... c6 $14) 11. Qe4 $16 Bh6 12. Qxb7 Nd7 13. b3 a5 (13... c5 $142) 14. Nc3 $36 {[%mdl 2048] White is on the roll.} Rb8 15. Qe4 Rb6 16. Rad1 Qe7 $2 {[#]} (16... g6 {was necessary.} 17. Rfe1 Re8) 17. Nd5 $1 $18 {[%mdl 576] Double Attack, Pin} Qd6 (17... exd5 18. Qxe7) 18. Nxb6 cxb6 19. Ne5 Nxe5 20. Qxe5 Qc6 (20... Bf4 $142) 21. d5 {White is clearly winning.} exd5 22. Qxd5 Qc7 23. Qd6 Bf4 24. Qxc7 Bxc7 {[%mdl 4096] Endgame KRR-KRB} 25. Rfe1 b5 26. cxb5 g6 27. g3 Bb6 28. Re7 Rc8 29. Rb7 Bc5 30. b6 Kg7 31. Rc7 {Accuracy: White = 90%, Black = 16%.} 1-0

[Event "VII Famalicao Open 2019"]
[Site "Famalicao"]
[Date "2019.07.28"]
[Round "1.3"]
[White "Carvalho, Vitor Hugo Pina Soar"]
[Black "Galego, Luis"]
[Result "0-1"]
[WhiteElo "1860"]
[BlackElo "2513"]
[Annotator "ChessBase"]
[PlyCount "52"]
[EventDate "2019.07.28"]
[EventType "swiss"]
[EventCountry "POR"]
[TimeControl "5400+30"]

1. Nf3 {[%emt 0:00:00]} Nf6 2. g3 {[%emt 0:00:39]} d6 {[%emt 0:00:02]} 3. d4 {[%emt 0:00:50]} Nbd7 {[%emt 0:01:06]} 4. Bg2 {[%emt 0:00:55]} e5 {[%emt 0:00:07]} 5. dxe5 {[%emt 0:03:19]} dxe5 {[%emt 0:00:08]} 6. O-O {[%emt 0:01:39]} Bc5 {[%emt 0:00:06]} 7. e3 {[%emt 0:02:01]} O-O {[%emt 0:00:29]} 8. b3 {[%emt 0:01:49]} Qe7 {[%emt 0:01:16]} 9. Bb2 {[%emt 0:01:21]} a5 {[%emt 0:01:11]} 10. a3 {[%emt 0:02:09]} e4 {[%emt 0:06:39]} 11. Nfd2 {[%emt 0:01:55]} Rd8 {[%emt 0:06:54]} 12. Nc3 {[%emt 0:02:01]} Nb6 {[%emt 0:04:36]} 13. Na4 {[%emt 0:12:23]} Nxa4 {[%emt 0:00:39]} 14. Bxf6 {[%emt 0:01:06]} Qxf6 {[%emt 0:01:38]} 15. Nxe4 {[%emt 0:00:23]} Qe7 {[%emt 0:01:57]} 16. Qh5 {[%emt 0:02:06]} g6 {[%emt 0:01:19]} 17. Qh6 {[%emt 0:04:43]} Nb6 {[%emt 0:03:50]} 18. Ng5 {[%emt 0:03:43]} f6 {[%emt 0:00:09]} 19. Ne4 {[%emt 0:04:41]} Bd6 {[%emt 0:04:42]} 20. Rad1 {[%emt 0:06:53]} Bf5 {[%emt 0:01:20]} 21. Nxd6 {[%emt 0:02:44]} Rxd6 {[%emt 0:00:44]} 22. e4 {[%emt 0:12:22]} Bg4 23. Rde1 {[%emt 0:00:30]} Nd7 {[%emt 0:03:22]} 24. Qh4 {[%emt 0:00:32]} Ne5 {[%emt 0:04:24]} 25. f4 {[%emt 0:03:26]} g5 {[%emt 0:00:06]} 26. fxg5 {[%emt 0:01:39]} fxg5 0-1

[Event "VII Famalicao Open 2019"]
[Site "Famalicao"]
[Date "2019.07.28"]
[Round "1.4"]
[White "Spraggett, Kevin"]
[Black "Marques, Ricardo Martinho"]
[Result "1-0"]
[WhiteElo "2511"]
[BlackElo "1506"]
[Annotator "TA"]
[PlyCount "69"]
[EventDate "2019.07.28"]
[EventType "swiss"]
[EventCountry "POR"]
[SourceTitle "playchess.com"]
[Source "ChessBase"]
[SourceQuality "1"]

{[%evp 13,69,12,12,19,14,16,15,4,4,-4,17,5,8,-6,0,-7,24,16,17,22,29,20,23,29,22,19,13,13,35,35,28,0,20,0,0,-3,14,4,132,147,216,237,234,224,232,230,416,377,370,380,612,613,604,589,722,739,684,651]} 1. e4 e5 2. Nf3 Nc6 3. Bb5 Nf6 4. Qe2 Bc5 5. c3 Qe7 6. O-O O-O 7. d3 h6 8. Nbd2 {C65: Ruy Lopez: Berlin Defence (3...Nf6), unusual lines and 4 0-0 Bc5} a6 9. Bxc6 $146 ({Predecessor:} 9. Ba4 b5 10. Bc2 d5 11. Nb3 dxe4 12. dxe4 Bb6 13. Be3 Bxe3 14. Qxe3 Be6 15. Qc5 Bxb3 16. Qxe7 Nxe7 17. axb3 {1-0 (55) Vlasak,L (2291)-Sura,J (2123) Plzen 2012}) 9... bxc6 10. Nc4 {The position is equal.} d6 11. b4 Bb6 12. Be3 Bxe3 13. fxe3 Bg4 14. Na5 Qe8 15. h3 Bxf3 16. Rxf3 d5 17. Raf1 {aiming for Rxf6.} Qe6 18. exd5 cxd5 19. Nb3 Nd7 20. e4 Rac8 21. exd5 Qxd5 22. c4 Qe6 23. c5 Rb8 24. Qe1 Nf6 25. Re3 $36 {[%mdl 2048] White wants to play Nd4! White is pushing.} Rfe8 {[#]} (25... Qd7 $11 {keeps the balance.}) 26. Nd4 $1 $16 {[%cal Rd4e6][%mdl 512]} exd4 (26... Qd5 $16 {keeps fighting.} 27. Nf5 Re6) 27. Rxe6 $18 Rxe6 28. Qd2 Nd5 29. Qf2 Rf6 $2 (29... Re7 {was necessary.} 30. Qxd4 c6) 30. Qxd4 Rxf1+ 31. Kxf1 Nxb4 $2 (31... c6 32. a3 g6) 32. Qd7 {White is clearly winning.} c6 33. Kf2 Nxa2 34. Qxc6 Nb4 35. Qd7 {Accuracy: White = 71%, Black = 40%.} 1-0

[Event "VII Famalicao Open 2019"]
[Site "Famalicao"]
[Date "2019.07.28"]
[Round "1.5"]
[White "Pina, Tiago"]
[Black "Petkov, Vladimir"]
[Result "0-1"]
[WhiteElo "1489"]
[BlackElo "2497"]
[Annotator "TA"]
[PlyCount "40"]
[EventDate "2019.07.28"]
[EventType "swiss"]
[EventCountry "POR"]
[SourceTitle "playchess.com"]
[Source "ChessBase"]
[SourceQuality "1"]

{[%evp 9,40,-2,0,0,0,-2,10,2,0,0,-3,-46,-45,-44,-38,-148,-153,-164,-154,-174,-135,-177,-173,-241,-239,-556,-240,-725,-715,-809,-806,-767,-775]} 1. e4 e5 2. Nf3 Nc6 3. Nc3 Nf6 4. a3 g6 (4... d5 5. Bb5 Nxe4 6. Qe2 Qd6 7. Nxe4 dxe4 8. Qxe4 Bd7 9. d3 O-O-O 10. O-O Re8 11. Qe2 Qg6 12. Be3 Bd6 {0-1 (55) Caruana,F (2816)-Kramnik,V (2792) Paris 2018}) 5. Bb5 Bg7 6. d3 {C47: Scotch Four Knights and Four Knights with 4 g3} O-O 7. O-O d6 8. Bg5 {The position is equal.} h6 9. Bxf6 $146 ({Predecessor:} 9. Be3 Be6 10. h3 a6 11. Bxc6 bxc6 12. Qd2 {0-1 (33) Richter,D (2102)-Quast,M (2295) Germany 2012}) 9... Bxf6 10. Qd2 Bg4 11. Bxc6 ({Don't blunder} 11. Qxh6 $2 Bxf3 12. gxf3 Bg5 $19) 11... bxc6 12. Qxh6 (12. Qe3 $15) 12... Bxf3 $1 $17 13. gxf3 {[#]} Bg5 $1 {[%cal Rg5h6]} 14. Qh3 {[#]} Kg7 $1 {[%mdl 1024] Black has strong compensation.} 15. Ne2 Rh8 $36 {[%mdl 2048] Black is on the roll.} 16. Qg3 (16. Qg2 {might work better.}) 16... Qf6 $19 17. d4 $2 (17. Qg2 {is a better chance.}) 17... Rh5 (17... Bf4 $142 18. Nxf4 exf4) 18. Kg2 $2 (18. dxe5 dxe5 19. Qg2) 18... Bf4 {Black is clearly winning.} 19. dxe5 dxe5 20. Nxf4 exf4 {[%mdl 64] Discovered Attack. Accuracy: White = 20%, Black = 76%.} 0-1

[Event "VII Famalicao Open 2019"]
[Site "Famalicao"]
[Date "2019.07.29"]
[Round "1.6"]
[White "Damaso, Rui"]
[Black "Palhas, Miguel Branco"]
[Result "1-0"]
[WhiteElo "2425"]
[BlackElo "1477"]
[Annotator "TA"]
[PlyCount "75"]
[EventDate "2019.07.28"]
[EventType "swiss"]
[EventCountry "POR"]
[SourceTitle "playchess.com"]
[Source "ChessBase"]
[SourceQuality "1"]

{[%evp 16,75,37,35,72,24,40,44,43,17,31,23,28,20,33,0,0,6,26,0,88,88,88,88,88,87,87,35,54,34,64,57,81,76,81,72,79,72,68,35,733,731,723,702,1529,1508,1458,1453,29971,29971,29976,29977,29975,29976,29980,29977,29982,29984,29984,29985,29984,29985]} 1. Nf3 Nf6 2. g3 d5 3. Bg2 c5 4. O-O e6 5. c4 Be7 6. cxd5 exd5 7. d4 O-O 8. Nc3 Nc6 9. Bg5 b6 {D34: Tarrasch Defence: 6 g3 Nf6 7 Bg2 Be7} (9... c4 10. e3 Be6 11. b3 cxb3 12. Qxb3 Na5 13. Qb2 Ne4 14. Nxe4 dxe4 15. Bxe7 Qxe7 16. Nd2 Nc4 17. Nxc4 Bxc4 {1-0 (42) Ding,L (2778)-Mamedov,R (2704) Shamkir 2018}) 10. dxc5 bxc5 11. Bxf6 Bxf6 {White is slightly better.} 12. Nxd5 {next Rc1 is good for White.} Bxb2 13. Rb1 Rb8 14. Nd2 Be6 15. Nb3 $146 ({Predecessor:} 15. Nc4 Bf6 16. Rxb8 Nxb8 17. Nxf6+ Qxf6 {1-0 (59) Ruiz Quevedo,A (1950)-Perez del Amo,J (1854) Madrid 2011}) 15... Ba3 {aiming for ...c4.} 16. Nf4 Qxd1 17. Rfxd1 Bxb3 (17... Bf5 $1 $11 18. Nd2 (18. Bxc6 Bxb1 19. Rxb1 c4 $17) 18... Ne5) 18. Rxb3 $16 Rxb3 19. axb3 Nd4 20. Ra1 Bb4 21. Bd5 ({Better is} 21. e3 $16 Nxb3 22. Rxa7) 21... a5 22. Bc4 Rd8 23. Ra2 Rc8 24. Nd5 {[#] And now Ne7+ would win.} Kf8 25. Nxb4 axb4 {[%mdl 4096] Endgame KRB-KRN} 26. Ra7 Ne6 27. Rd7 (27. f4 {feels hotter.} Rc7 28. Ra6 Ke7 29. Kf2 Rd7 30. Ra5) 27... Rd8 $2 {[%mdl 8192]} (27... Re8 $14) 28. Bxe6 $1 $18 Rxd7 29. Bxd7 {KB-KP} Ke7 30. Bb5 Kd6 31. Bc4 f6 32. f4 {White mates.} f5 33. Kf2 Ke7 {[#]} 34. e4 $1 g6 (34... fxe4 35. Ke3) 35. Ke3 Kf6 36. e5+ Ke7 37. Kd3 h6 38. Bd5 {Accuracy: White = 65%, Black = 19%.} 1-0

[Event "VII Famalicao Open 2019"]
[Site "Famalicao"]
[Date "2019.07.28"]
[Round "1.7"]
[White "Barroso, Simao Oliveira Alvim"]
[Black "Campora, Daniel H."]
[Result "0-1"]
[WhiteElo "1476"]
[BlackElo "2420"]
[Annotator "TA"]
[PlyCount "92"]
[EventDate "2019.07.28"]
[EventType "swiss"]
[EventCountry "POR"]
[SourceTitle "playchess.com"]
[Source "ChessBase"]
[SourceQuality "1"]

{[%evp 9,92,-49,-14,-15,-11,-26,-24,-46,-46,-104,-64,-116,-95,-91,-91,-91,-81,-85,-90,-85,-86,-104,-107,-201,-153,-215,-215,-223,-223,-222,-189,-178,-183,-187,-168,-187,-183,-176,-176,-180,-180,-185,-169,-167,-158,-216,-205,-267,-256,-243,-173,-258,-271,-258,-258,-377,-257,-383,-362,-350,-329,-376,-332,-698,-690,-682,200,-714,-720,-697,-626,-588,-530,-2062,-1922,-29980,-29982,-29982,-29983,-29983,-29982,-29984,-29985,-29982,-29983]} 1. e4 d6 2. d4 g6 3. Be3 Bg7 4. Nd2 e5 (4... a6 5. Be2 Nf6 6. f3 Nc6 7. Nf1 e5 8. d5 Ne7 9. Qd2 c6 10. Bh6 Bxh6 11. Qxh6 Nh5 12. dxc6 Nxc6 {0-1 (55) Rudovskii,F (1944)-Vokac,M (2384) Pardubice 2018}) 5. Nb3 $146 ({Predecessor:} 5. d5 Nd7 6. Ngf3 h6 7. Bb5 Ne7 8. c4 f5 9. exf5 gxf5 10. g3 O-O 11. Qc2 c5 12. Bg5 hxg5 13. Nxg5 {0-1 (34) Szendeff,M (1770)-Mihalka,Z (2183) Budapest 2012}) 5... Nc6 6. d5 {B06: Modern Defence} Nce7 $1 7. Bb5+ c6 8. dxc6 {Black has an edge.} bxc6 9. Be2 (9. Ba4 $15) 9... Nf6 10. Bf3 (10. f3 $15) 10... O-O 11. Ne2 d5 12. Ng3 d4 13. Bd2 a5 14. a4 Qb6 15. O-O c5 {[%cal Bc6c5,Bc5c4,Bc4c3][%mdl 32]} 16. Rb1 (16. Be2 $17) 16... Bd7 17. Qe1 (17. Be2 $17) 17... Nc6 $19 18. Nc1 c4 19. b3 c3 20. Bg5 Nb4 21. Qd1 Bc6 22. Nd3 Nxd3 23. Qxd3 Nd7 24. Be7 Rfe8 $36 {[%mdl 2048] Black is really pushing.} 25. Ba3 Bf8 26. Bxf8 Rxf8 27. Rfe1 (27. Qd1 $17) 27... Nc5 28. Qe2 Bb7 29. Qd1 Kh8 30. h4 (30. Be2 $142) 30... Rad8 31. h5 d3 32. Re3 (32. cxd3 $142 Nxd3 {[%mdl 64] Double Attack, Discovered Attack} 33. Qe2) 32... Ba6 33. Nf1 (33. Rc1 {keeps fighting.}) 33... Qb4 ({Much less strong is} 33... dxc2 34. Qxc2 Bd3 35. Rxd3 $19) 34. Rc1 Rd4 ({Don't play} 34... d2 35. Rb1) 35. hxg6 fxg6 36. Nh2 $2 {[#]} (36. Ng3) 36... d2 37. Rb1 Nxb3 $4 {[%mdl 8192]} (37... Nd3 $19 {avoids the disaster.} 38. cxd3 Bxd3 39. Rxd3 Rxd3) 38. cxb3 $4 {[%mdl 8192]} (38. Rxb3 $18 Qd6 39. Rbxc3 (39. Rexc3 Rxf3 40. Nxf3 Be2 $16) 39... Rxa4 40. Rb3) 38... Bd3 39. Rxd3 Rxd3 40. Qc2 Qd4 {aiming for ...Rfxf3!} 41. Ng4 Rfxf3 {[%mdl 64] [#] Remove Defender, Decoy} 42. gxf3 d1=Q+ {Black mates.} 43. Rxd1 Rxd1+ 44. Kg2 Qd2 45. Ne3 Re1 46. Kg3 Rxe3 {Accuracy: White = 17%, Black = 77%.} 0-1

[Event "VII Famalicao Open 2019"]
[Site "Famalicao"]
[Date "2019.07.28"]
[Round "1.8"]
[White "Cori T., Deysi"]
[Black "Sousa, Gil Oliva Teles"]
[Result "1-0"]
[WhiteElo "2405"]
[BlackElo "1476"]
[Annotator "TA"]
[PlyCount "45"]
[EventDate "2019.07.28"]
[EventType "swiss"]
[EventCountry "POR"]
[SourceTitle "playchess.com"]
[Source "ChessBase"]
[SourceQuality "1"]

{[%evp 12,45,24,22,39,25,25,28,50,37,105,94,117,110,102,102,142,161,154,129,202,198,189,189,197,165,287,277,397,323,419,413,423,413,392,372]} 1. d4 Nf6 2. Nf3 g6 3. g3 Bg7 4. Bg2 O-O 5. O-O d6 6. b3 Nc6 7. Bb2 Re8 {A49: 1 d4 Nf6 2 Nf3 g6 3 g3: Anti-King's Indian systems} (7... e5 8. dxe5 Nd7 9. Qc1 Ndxe5 10. Nxe5 Nxe5 11. c4 Re8 12. Nc3 Rb8 13. Qd2 a6 14. Rad1 Be6 15. f4 Ng4 16. h3 Nf6 17. e4 b5 18. f5 Bd7 19. g4 bxc4 20. fxg6 hxg6 {0-1 (58) Mamedov,R (2709)-McShane,L (2647) Batumi 2018}) 8. d5 Nb4 9. c4 Bf5 {White has an edge.} 10. Nd4 $146 (10. Nc3 {is more complex.} e5 11. a3 Na6 12. b4 Qd7 13. Nh4) ({Predecessor:} 10. Nc3 Qc8 11. a3 Na6 12. b4 e6 13. Rc1 exd5 14. cxd5 Ne4 15. Re1 {1-0 (31) Panchenko,A (2420)-Morales Araujo,F (1850) Collado Villalba 1997}) 10... Bxb1 ({Better is} 10... Be4 $14) 11. Qxb1 $16 Rc8 12. a3 Na6 13. b4 Nh5 14. Bh3 $36 {[%mdl 2048] White has strong initiative.} Ra8 15. Rd1 Bxd4 (15... Nb8 $16 {was worth a try.} 16. Bg2 Nd7) 16. Rxd4 $18 c6 17. dxc6 bxc6 18. Qe4 Nf6 (18... Qc7 $142 19. Rd2 Rad8) 19. Qxc6 Nc7 (19... Qb6 {was necessary.} 20. Qf3 Nc5) 20. Rad1 Rb8 21. Qf3 Ne6 22. Bxe6 fxe6 23. c5 {Accuracy: White = 61%, Black = 17%.} 1-0

[Event "VII Famalicao Open 2019"]
[Site "Famalicao"]
[Date "2019.07.28"]
[Round "1.9"]
[White "Saran Vikash Velumani"]
[Black "Vassallo Barroche, Mauricio"]
[Result "0-1"]
[WhiteElo "1470"]
[BlackElo "2380"]
[Annotator "TA"]
[PlyCount "46"]
[EventDate "2019.07.28"]
[EventType "swiss"]
[EventCountry "POR"]
[SourceTitle "playchess.com"]
[Source "ChessBase"]
[SourceQuality "1"]

{[%evp 9,71,-13,14,-28,5,-21,-20,-17,35,-29,-24,-28,4,-16,0,-32,-36,-22,0,0,-8,0,117,117,114,108,110,-39,-27,-41,-26,-25,10,-118,-114,-179,-181,-170,-138,-141,-153,-147,-86,-75,-84,-138,-137,-169,-148,-164,-154,-211,-222,-414,-404,-385,-336,-762,-760,-740,-733,-729,-432,-29999]} 1. e4 d6 2. d4 Nf6 3. Nd2 g6 4. Be2 (4. Ngf3 Bg7 5. Bd3 O-O 6. O-O Nc6 7. a4 Nh5 8. c3 e5 9. dxe5 Nxe5 10. Nxe5 dxe5 11. Nc4 Nf4 12. Bc2 Be6 13. Ne3 Qe7 14. Qf3 Rad8 {½-½ (32) Mammadov,Z (2452)-Efimenko,Z (2637) Konya 2018}) 4... Bg7 5. h4 h5 6. Bd3 $146 {B07: Pirc Defence: Miscellaneous Systems} ({Predecessor:} 6. f3 c5 7. d5 Nbd7 8. Nc4 b5 9. Ne3 a6 10. Nh3 Ne5 11. Ng5 Bh6 {1-0 (27) Saifulin,K-Beliajevas,L Klaipeda 2001}) 6... Nc6 7. Ne2 e5 8. d5 {The position is equal.} Ne7 (8... Nb4 $11) 9. Nf1 ({Better is} 9. c4 $14) 9... c6 $11 10. c4 O-O (10... b5 $5 11. b3 bxc4 12. bxc4 Nd7 $11) 11. Bg5 b5 12. b3 bxc4 13. bxc4 Nh7 14. Bxe7 Qxe7 15. dxc6 {Threatens to win with Ne3.} Qc7 (15... Qe8 $1 $11) 16. Qa4 $16 Bh6 17. Nc3 Qb6 {...Qb2 is the strong threat.} 18. Qb5 (18. Nd5 $16 Qc5 19. Rb1) 18... Qd4 $1 $15 {[%csl LRc3,LRd3][%mdl 1088] [#] Double Attack. Black has compensation.} 19. Qb3 $1 Bg4 $36 {[%mdl 2048] Black has good play.} ({Wrong is} 19... Qxd3 $2 20. Rd1 $18) 20. Qc2 $1 Rfc8 21. f3 (21. Rb1 $1 $11 {remains equal.}) 21... Be6 $17 22. Be2 (22. Rd1 $17 {keeps fighting.}) 22... Rxc6 $19 23. Rd1 Qb6 {Played: Qd4-c5} 0-1

[Event "VII Famalicao Open 2019"]
[Site "Famalicao"]
[Date "2019.07.28"]
[Round "1.10"]
[White "Fernandes, Antonio"]
[Black "Mendes, Bruno Daniel"]
[Result "1-0"]
[WhiteElo "2376"]
[BlackElo "1442"]
[Annotator "TA"]
[PlyCount "75"]
[EventDate "2019.07.28"]
[EventType "swiss"]
[EventCountry "POR"]
[SourceTitle "playchess.com"]
[Source "ChessBase"]
[SourceQuality "1"]

{[%evp 9,75,31,48,29,135,126,147,140,139,139,133,129,141,129,141,142,141,124,134,114,125,132,144,128,325,318,327,320,311,314,313,311,306,308,423,425,440,430,497,450,836,789,749,556,539,513,609,602,600,597,744,738,736,719,717,710,976,969,969,969,969,969,969,968,1683,941,980,975]} 1. d4 e6 2. Nf3 Nf6 3. g3 c5 4. Bg2 Nc6 5. O-O Be7 6. c4 {A46: 1 d4 Nf6 2 Nf3 e6: Torre, London and Colle Systems} O-O (6... d5 $11) (6... cxd4 7. Nxd4 O-O 8. Nc3 Ne5 9. b3 a6 10. Bb2 d6 11. Qd2 Qc7 12. Rac1 Bd7 13. h3 Rac8 14. Rfd1 Rfd8 15. f4 Ng6 16. e3 Qb8 {½-½ (55) Timman,J (2565)-Smeets,J (2598) Amstelveen 2016}) 7. d5 $16 {Black must now prevent d6.} exd5 8. cxd5 {d6 is the strong threat.White is clearly better.} Nd4 9. Nxd4 cxd4 10. Qxd4 {aiming for d6.} d6 11. Nc3 Bd7 $146 ({Predecessor:} 11... Nd7 12. Bf4 Bf6 13. Qd2 Nc5 {1-0 (42) D'Urbano,G (2002)-Temmerman,S (1659) Prague 2016}) 12. h3 Ne8 13. Be3 Bf6 14. Qb4 a5 15. Qb3 b5 16. Ne4 ({Don't play} 16. Nxb5 $6 Rb8 $16) 16... Nc7 $2 (16... Qe7 $16 17. Rac1 Be5) 17. Bb6 $18 ({Don't do} 17. Nxd6 a4 $18) 17... Ra6 18. Nxf6+ gxf6 19. Bd4 f5 20. Qe3 f6 21. Rac1 {Strongly threatening Bb6.} Na8 22. Rfe1 {White is clearly winning.} Qe8 23. Qd3 Qg6 24. e4 Kf7 (24... a4 $142 25. exf5 Qxf5 26. Qxf5 Bxf5) 25. exf5 Qxf5 26. Qxf5 Bxf5 27. Bf1 Rb8 {[#]} 28. a4 $1 {[%mdl 512]} Bd7 (28... bxa4 29. Bxa6) 29. axb5 Bxb5 30. Re6 Bxf1 31. Rxf6+ Kg8 32. Kxf1 Rd8 33. Rc4 Nb6 34. Rc6 {[%mdl 64] [#] Double Attack} Nxd5 35. Rxa6 Nxf6 36. Bxf6 Rf8 37. Bc3 Rf5 38. Rxd6 {Accuracy: White = 90%, Black = 39%.} 1-0

[Event "VII Famalicao Open 2019"]
[Site "Famalicao"]
[Date "2019.07.28"]
[Round "1.11"]
[White "Dong, Fabio"]
[Black "Forgas Moreno, Yaniela"]
[Result "0-1"]
[WhiteElo "1434"]
[BlackElo "2272"]
[Annotator "TA"]
[PlyCount "68"]
[EventDate "2019.07.28"]
[EventType "swiss"]
[EventCountry "POR"]
[SourceTitle "playchess.com"]
[Source "ChessBase"]
[SourceQuality "1"]

{[%evp 15,68,31,42,39,32,-16,5,-28,-21,-33,-33,-40,-35,-53,-57,-86,-91,-74,-82,-74,-81,-80,-52,-82,-87,-64,-66,-89,-76,-118,-125,-109,-118,-104,-118,-121,-70,-271,-289,-466,-470,-437,-437,-540,-551,-608,-611,-574,-451,-742,-650,-811,-643,-2304,-2235]} 1. c4 d6 2. Nc3 e5 3. g3 g6 4. Nf3 Bg7 5. d4 exd4 6. Nxd4 Nf6 7. Bg2 O-O 8. O-O Nbd7 9. Bg5 {A24: English Opening vs King's Indian: Lines without ...Nc6} (9. e4 a6 10. Re1 Rb8 11. h3 Re8 12. Rb1 Ne5 13. b3 c5 14. Nc2 Be6 15. a4 Nc6 16. Bb2 Qa5 17. Ba1 Rbd8 18. Kh2 Ne5 19. f4 Nc6 20. Qd2 Nd4 21. b4 Qc7 22. Nxd4 cxd4 {1-0 (54) Lenderman,A (2623)-Mamedov,R (2639) Arlington 2015}) 9... h6 10. Bxf6 (10. Bf4 {with more complications.} Re8 11. e4 Nc5 12. f3 Nfd7 13. b3) 10... Bxf6 11. Nd5 $146 {The position is equal.} ({Predecessor:} 11. Rc1 Bxd4 12. Qxd4 Ne5 13. Rfd1 c6 14. c5 Re8 15. cxd6 Bf5 16. f4 Nd7 {1-0 (45) Wolter,N (1841)-Adelhuette,D (1778) Mittelfranken 2009}) 11... Bg7 12. Rc1 c6 13. Nc3 Qb6 14. Nb3 Ne5 15. Ne4 {[#]} Nxc4 $1 {[%mdl 576] Remove Defender, Decoy} 16. Rxc4 d5 {[%mdl 64] Double Attack} 17. Rc2 {Nec5 is the strong threat.} dxe4 18. Bxe4 Bh3 {aiming for ...Rad8.} 19. Re1 Rad8 20. Qc1 Rfe8 $36 {[%mdl 2048] Black fights for an advantage.} 21. Bf3 Be6 22. Nc5 Bxa2 23. Rd1 Rxd1+ 24. Qxd1 Rd8 ({But not} 24... Bxb2 $6 25. Qd7 $11) 25. Qc1 a5 (25... Bd5 $17 26. Bxd5 Rxd5) 26. Na4 $2 (26. b4 $1 $15 axb4 27. Rxa2 (27. Na4 $2 Qb5 $19)) 26... Qd4 $19 27. Nc3 $2 (27. Nc5 {was the only defense.} Qd1+ 28. Kg2) 27... Bb3 {Black is clearly winning.} 28. e3 Qf6 29. Be4 Bxc2 30. Qxc2 Qd6 31. Qb3 Qb4 32. Qc2 {[#]} (32. Qxb4 $142 axb4 33. Na4) 32... a4 $1 {[%cal Ba5a4,Ba4a3,Ba3a2][%mdl 32]} 33. Kg2 (33. Qxa4 Bxc3) 33... a3 34. Nb1 a2 {Accuracy: White = 19%, Black = 73%.} 0-1